| 000 | 00000nas 2200000za 4500 |
| 001 | 9.501382 |
| 003 | CaOODSP |
| 005 | 20200325083855 |
| 007 | cr ||||||||||| |
| 008 | 150406d20052006xxc|| m o||||f| |0fre|d |
| 040 | |aCaOODSP|bfre |
| 043 | |an-cn--- |
| 086 | 1 |aH81-1F-PDF |
| 110 | 1 |aCanada. |bConseil d'examen du prix des médicaments brevetés. |
| 245 | 10|aSystème national d'information sur l'utilisation des médicaments prescrits - série d'études analytiques |h[ressource électronique] |
| 260 | |aOttawa - Ontario : |bConseil d'examen du prix des médicaments brevetés |
| 310 | |aIrrégulier |
| 691 | 07|aMédicament d'ordonnance|2gcpds |
| 775 | 08|tNational Prescription Drug Utilization Information System - analytical study series |w(CaOODSP)9.504983 |